Out of the Depths / (Record no. 3924)
[ view plain ]
| 000 -LEADER | |
|---|---|
| fixed length control field | 00510nam a22001817a 4500 |
| 003 - CONTROL NUMBER IDENTIFIER | |
| control field | GBCCL |
| 005 - DATE AND TIME OF LATEST TRANSACTION | |
| control field | 20241126110507.0 |
| 008 - FIXED-LENGTH DATA ELEMENTS--GENERAL INFORMATION | |
| fixed length control field | 171218b xxu||||| |||| 00| 0 eng d |
| 040 ## - CATALOGING SOURCE | |
| Transcribing agency | gbc |
| 082 ## - DEWEY DECIMAL CLASSIFICATION NUMBER | |
| Classification number | 283.092 |
| Item number | NEW |
| 100 ## - MAIN ENTRY--PERSONAL NAME | |
| Personal name | Newton, John |
| 9 (RLIN) | 7691 |
| 245 ## - TITLE STATEMENT | |
| Title | Out of the Depths / |
| Statement of responsibility, etc. | John Newton |
| 260 ## - PUBLICATION, DISTRIBUTION, ETC. | |
| Place of publication, distribution, etc. | Nebraska: |
| Name of publisher, distributor, etc. | Back to the Bible Publishers |
| 300 ## - PHYSICAL DESCRIPTION | |
| Extent | 160 p.; |
| Dimensions | 17 cm. |
| 600 ## - SUBJECT ADDED ENTRY--PERSONAL NAME | |
| Personal name | Newton, John, |
| Dates associated with a name | 1725-1807 |
| 9 (RLIN) | 9826 |
| 650 ## - SUBJECT ADDED ENTRY--TOPICAL TERM | |
| Topical term or geographic name entry element | Church of England |
| Form subdivision | Clergy |
| General subdivision | Biography |
| 9 (RLIN) | 9829 |
| 942 ## - ADDED ENTRY ELEMENTS (KOHA) | |
| Source of classification or shelving scheme | Dewey Decimal Classification |
| Koha item type | Books |
| Koha issues (borrowed), all copies | 1 |
| Withdrawn status | Lost status | Source of classification or shelving scheme | Damaged status | Not for loan | Home library | Current Library | Shelving location | Date acquired | Total checkouts | Full call number | Barcode | Date last seen | Date last checked out | Copy number | Price effective from | Koha item type |
|---|---|---|---|---|---|---|---|---|---|---|---|---|---|---|---|---|
| Dewey Decimal Classification | GRACE BIBLE COLLEGE | GRACE BIBLE COLLEGE | Church History | 2017-12-18 | 1 | 283.092 NEW | 008007 | 2025-05-01 | 2020-01-21 | c.1 | 2017-12-18 | Books |